000
00207 a2200109 4500
020
_a
9781550370959
041
_a
spa
100
_a
Munsch, Robert N.
245
_a
Agu, Agu, Agu
942
_c
BK
952
_7
4
999
_c
19853
_d
19853